000 01370nam a2200253Ia 4500
999 _c41813
_d41813
001 8496
003 GE_BSU
005 20220926123051.0
008 181216s2008||||ge |||||||||||||| ||geo||
020 _a9789941402753
040 _cGE_BSU
041 _ageo
080 _a574+502.1+502.5 ქ-34
100 _aქაჯაია, გია
_92561
245 _aგარემოს დაცვის ეკოლოგიური პრინციპები= Ecological principles of environment protection /
_cგია ქაჯაია ; [რედ.: ოთარ ნათიშვილი, ირაკლი ელიავა, ირინე ქორქია] ; იუნესკოს საერთაშ. პროგრამის "ადამიანი და ბიოსფერო" საქ. ეროვნ. კომიტეტი.
264 _aთბილისი:
_bინტელექტი,
_c2008.
300 _a272 გვ.;
_b20 სმ.
653 _aეკოლოგია
653 _aგარემოს დაცვა
700 _aნათიშვილი, ოთარ
_eრედაქტორი
_914799
700 _aელიავა, ირაკლი
_eრედაქტორი
_97249
700 _aქორქია, ირინე
_eრედაქტორი
_914800
942 _cBK
_2udc